| 000 | 01163cam a2200253 4500 | ||
|---|---|---|---|
| 001 | 5976 | ||
| 010 | _a9722022857 | ||
| 021 | _b188928/02 | ||
| 090 | _a5976 | ||
| 100 | _a20211231d2002 m||y0pory5003 ba | ||
| 200 | 1 |
_aUma vida pela metade _fV. S. Naipaul _gtrad. Maria João Delgado |
|
| 205 | _a3ª ed. | ||
| 210 | 9 |
_aLisboa _cDom Quixote _d2002 |
|
| 215 | _a195, [2] p. | ||
| 225 | 2 |
_aFicção universal _v298 |
|
| 304 | _aTít. orig.: Half a life | ||
| 330 | _aO último romance do Prémio Nobel da Literatura em 2001, V. S. Naipaul (n. 1932, em Trinidade, de origem indiana, e a viver actualmente em Londres). Num recanto da Índia, longe da agitação anticolonial, um homem desafia a sua herança brâmane e casa-se com uma mulher de uma casta baixa. Desta união, que acabaria por ser desastrosa, nasce Willi Chandran, personagem central deste romance, que tenta encontrar um sentido para a sua vida no exílio. | ||
| 606 |
_913 _aLiteratura Estrangeira |
||
| 675 |
_a821.111-31"19" _vBN _zpor |
||
| 700 |
_aNaipaul _bV. S. _f1932-2018 _95608 |
||
| 702 |
_aDelgado _bMaria João _92952 |
||
| 801 |
_aPT _bBMVN _gRPC |
||
| 830 |
_cInês Silva _d31/12/2021 |
||
| 990 | _cLIVROS | ||